[Event "CZE-chT1W 1112"]
[Site "Czech Republic"]
[Date "2012.03.18"]
[Round "10.4"]
[White "Svoboda, Svatopluk"]
[Black "Fiala, Robert"]
[Result "1-0"]
[WhiteElo "2285"]
[BlackElo "2288"]
[PlyCount "137"]
[EventDate "2011.10.02"]
[EventType "team-tourn"]
[EventRounds "11"]
[EventCountry "CZE"]
[SourceTitle "EXT 2013"]
[Source "ChessBase"]
[SourceDate "2012.11.22"]
[SourceVersion "1"]
[SourceVersionDate "2012.11.22"]
[SourceQuality "1"]
[WhiteTeam "Pankrac"]
[BlackTeam "Kozolupy"]
[WhiteTeamCountry "CZE"]
[BlackTeamCountry "CZE"]

1. e4 c5 2. Nf3 d6 3. d4 cxd4 4. Qxd4 a6 5. c4 Nc6 6. Qd2 g6 7. b3 Bg7 8. Bb2 Bxb2 9. Qxb2 Nf6 10. Nc3 0-0 11. h3 Nd7 12. Be2 Nde5 13. 0-0 Qa5 14. Nd5 e6 15. Ne3 Nxf3+ 16. Bxf3 Qe5 17. Qd2 Rd8 18. Rfd1 h5 19. Rac1 b6 20. Rc3 Ra7 21. Nc2 Rad7 22. b4 Bb7 23. Rd3 Qb2 24. Rb3 Qe5 25. Rd3 a5 26. b5 Ne7 27. Qe3 Nc8 28. Rd4 Qc5 29. Qb3 Rc7 30. Be2 Ne7 31. Qe3 Kg7 32. R4d2 Nc8 33. Nd4 Qe5 34. Bd3 Qf6 35. Be2 Rc5 36. Nf3 Qe7 37. Qd4+ f6 38. Ne1 Qc7 39. Rc1 Rxb5 40. Nd3 Rg5 41. h4 Rc5 42. Nxc5 bxc5 43. Qe3 Ne7 44. Rb1 Nc6 45. Rdb2 Ba8 46. Qg3 Kf7 47. a3 Nd4 48. Bd3 Rg8 49. f4 Bc6 50. Qe3 Qd8 51. f5 g5 52. fxe6+ Kxe6 53. hxg5 Rxg5 54. Qh3+ Ke7 55. Rf1 Qg8 56. Kh2 Qe6 57. Qxe6+ Kxe6 58. Rbf2 h4 59. Rxf6+ Ke5 60. Rf7 Rg6 61. Re7+ Ne6 62. Bb1 Rh6 63. Ref7 Nd4 64. Re7+ Ne6 65. Ra7 a4 66. Rf5+ Kd4 67. Ra6 Bb7 68. Rxd6+ Ke3 69. Rf3+ 1-0

[Event "CZE-chT2A 1112"]
[Site "Czech Republic"]
[Date "2012.02.19"]
[Round "8"]
[White "Bauma, Jiri"]
[Black "Fiala, Robert"]
[Result "1-0"]
[WhiteElo "2215"]
[BlackElo "2288"]
[PlyCount "87"]
[EventDate "2011.10.09"]
[EventType "team-tourn"]
[EventRounds "11"]
[EventCountry "CZE"]
[SourceTitle "EXT 2013"]
[Source "ChessBase"]
[SourceDate "2012.11.22"]
[SourceVersion "1"]
[SourceVersionDate "2012.11.22"]
[SourceQuality "1"]
[WhiteTeam "Praha Dukla"]
[BlackTeam "Plzen Letna"]
[WhiteTeamCountry "CZE"]
[BlackTeamCountry "CZE"]

1. e4 c5 2. Nf3 d6 3. d4 cxd4 4. Nxd4 Nf6 5. Nc3 a6 6. g3 e6 7. Bg2 Be7 8. 0-0 Qc7 9. a4 Nc6 10. Kh1 0-0 11. Nb3 Rd8 12. Qe2 Bd7 13. f4 Be8 14. a5 Nd7 15. Be3 Nc5 16. Qf2 Nb4 17. f5 exf5 18. Nxc5 dxc5 19. Nd5 Nxd5 20. exd5 g6 21. c4 h5 22. Rfe1 Bf6 23. Bf4 Qc8 24. Qd2 Bd7 25. Rac1 Re8 26. h4 Bd4 27. Bd6 Kh7 28. b4 Ba4 29. Kh2 Qd7 30. bxc5 Bg7 31. Qb4 Bh6 32. Rb1 Bc2 33. Rxe8 Qxe8 34. Re1 Be4 35. Qxb7 Rd8 36. Qe7 Qg8 37. Bxe4 Re8 38. Bg2 Rxe7 39. Rxe7 g5 40. Bh3 g4 41. Bg2 Qg6 42. Be5 f4 43. Bxf4 Qf6 44. Be4+ 1-0

[Event "Karlovy Vary op"]
[Site "Karlovy Vary"]
[Date "2011.05.02"]
[Round "6"]
[White "Grussova, Helena"]
[Black "Fiala, Robert"]
[Result "0-1"]
[WhiteElo "1978"]
[BlackElo "2295"]
[PlyCount "72"]
[EventDate "2011.04.28"]
[EventType "swiss"]
[EventRounds "8"]
[EventCountry "CZE"]
[SourceTitle "CBM 142 Extra"]
[Source "ChessBase"]
[SourceDate "2011.06.27"]
[SourceVersion "1"]
[SourceVersionDate "2011.06.27"]
[SourceQuality "1"]

1. e4 c5 2. Nf3 Nc6 3. d4 cxd4 4. Nxd4 g6 5. Be3 Bg7 6. c3 Nf6 7. Bd3 d5 8. Nxc6 bxc6 9. exd5 Nxd5 10. Be4 0-0 11. Bxd5 cxd5 12. 0-0 Rb8 13. Qd2 Qc7 14. Na3 Bf5 15. Rad1 Rfd8 16. Qe2 e5 17. Rd2 Be6 18. Rfd1 Rd7 19. h3 Rbd8 20. Qa6 Rb8 21. Qe2 h6 22. Qf1 Rbd8 23. Nb5 Qa5 24. Nxa7 Rxa7 25. Bxa7 Qxa7 26. b3 e4 27. c4 d4 28. Re2 f5 29. Red2 d3 30. Kh1 Bc3 31. f3 Qe3 32. Rf2 Bd4 33. Rfd2 Be5 34. Qe1 Qf4 35. Qg1 Bb8 36. fxe4 fxe4 0-1

[Event "Karlovy Vary op"]
[Site "Karlovy Vary"]
[Date "2011.05.01"]
[Round "5"]
[White "Fiala, Robert"]
[Black "Wimmer, Miroslav"]
[Result "0-1"]
[WhiteElo "2295"]
[BlackElo "2088"]
[PlyCount "78"]
[EventDate "2011.04.28"]
[EventType "swiss"]
[EventRounds "8"]
[EventCountry "CZE"]
[SourceTitle "CBM 142 Extra"]
[Source "ChessBase"]
[SourceDate "2011.06.27"]
[SourceVersion "1"]
[SourceVersionDate "2011.06.27"]
[SourceQuality "1"]

1. Nf3 d5 2. g3 Nf6 3. Bg2 Bf5 4. 0-0 e6 5. d3 h6 6. Nbd2 Be7 7. Qe1 0-0 8. e4 Bh7 9. Qe2 c5 10. b3 Nc6 11. Bb2 Rc8 12. Rfd1 b5 13. c4 a6 14. Ne5 Nxe5 15. Bxe5 d4 16. Bxf6 gxf6 17. cxb5 axb5 18. a4 Rb8 19. f4 f5 20. e5 Bg6 21. h4 f6 22. exf6 Rxf6 23. axb5 Qe8 24. Bc6 Qf7 25. Re1 Bh5 26. Qe5 Rd8 27. Ra7 Qg6 28. Rxe7 Qxg3+ 29. Bg2 Rg6 30. Re2 Bxe2 31. Qxe2 Qe3+ 32. Qxe3 dxe3 33. Nf3 Rb8 34. h5 Rf6 35. Kf1 Rxb5 36. Ke2 Rxb3 37. Kxe3 c4 38. Bf1 Rb1 39. Nd2 c3 0-1

[Event "Karlovy Vary op"]
[Site "Karlovy Vary"]
[Date "2011.04.30"]
[Round "4"]
[White "Lorencova, Vera"]
[Black "Fiala, Robert"]
[Result "0-1"]
[WhiteElo "1994"]
[BlackElo "2295"]
[PlyCount "94"]
[EventDate "2011.04.28"]
[EventType "swiss"]
[EventRounds "8"]
[EventCountry "CZE"]
[SourceTitle "CBM 142 Extra"]
[Source "ChessBase"]
[SourceDate "2011.06.27"]
[SourceVersion "1"]
[SourceVersionDate "2011.06.27"]
[SourceQuality "1"]

1. e4 Nf6 2. Nc3 d6 3. d4 c6 4. Be2 g6 5. Be3 Bg7 6. Qd2 h6 7. 0-0-0 b5 8. f4 b4 9. Nb1 Nxe4 10. Qxb4 Nd7 11. Bf3 f5 12. g4 Ndf6 13. Nc3 Be6 14. Nge2 0-0 15. gxf5 gxf5 16. Rhg1 a5 17. Qa3 Qb8 18. Rg6 Kh7 19. Rdg1 Rf7 20. Nxe4 fxe4 21. Bxe4 Nxe4 22. Rxe6 Qb5 23. Nc3 Nxc3 24. Qxc3 Qf5 25. Reg6 c5 26. Qd2 cxd4 27. Bxd4 e5 28. Bc3 d5 29. Qg2 Raa7 30. Kb1 d4 31. Bd2 e4 32. Qg3 e3 33. Be1 Rab7 34. b3 a4 35. Rg2 axb3 36. axb3 Rxb3+ 37. Kc1 Rbb7 38. Qg4 Qb5 39. Kd1 Rfe7 40. Re6 Qb1+ 41. Ke2 Qxc2+ 42. Kf3 Qd1+ 43. Re2 d3 44. Qg6+ Kg8 45. Rxe7 Qxe2+ 46. Kg3 Qxe1+ 47. Kh3 Qf1+ 0-1

[Event "CZE-chT2C 1011"]
[Site "Czech Republic"]
[Date "2011.02.06"]
[Round "7.5"]
[White "Fiala, Robert"]
[Black "Kaplan, Daniel"]
[Result "1-0"]
[WhiteElo "2295"]
[BlackElo "2038"]
[PlyCount "93"]
[EventDate "2010.10.17"]
[EventType "team-tourn"]
[EventRounds "11"]
[EventCountry "CZE"]
[SourceTitle "EXT 2012"]
[Source "ChessBase"]
[SourceDate "2011.11.24"]
[SourceVersion "1"]
[SourceVersionDate "2011.11.24"]
[SourceQuality "1"]
[WhiteTeam "Lysa nad Labem II"]
[BlackTeam "Kolin"]
[WhiteTeamCountry "CZE"]
[BlackTeamCountry "CZE"]

1. e4 e5 2. Nf3 Nc6 3. d4 exd4 4. Nxd4 Bc5 5. Be3 Qf6 6. c3 Nge7 7. g3 d5 8. Nb5 Bxe3 9. fxe3 0-0 10. Nxc7 Rb8 11. Nxd5 Qg5 12. Bg2 Bg4 13. Qd2 Rbd8 14. 0-0 h5 15. c4 h4 16. gxh4 Qxh4 17. Qf2 Qh5 18. Qg3 Ng6 19. Nbc3 Nce5 20. Rf4 Be6 21. b3 f6 22. Rf2 Nd3 23. Rd2 Nde5 24. Rad1 Rde8 25. Nb5 Bg4 26. Rf1 Nh4 27. Nf4 Qh6 28. Nxa7 g5 29. h3 Nhf3+ 30. Bxf3 Nxf3+ 31. Rxf3 Bxf3 32. Qxf3 gxf4 33. exf4 Kh8 34. Kh2 Rg8 35. Rd5 Qg6 36. Rh5+ Kg7 37. f5 Qf7 38. Nb5 Qe7 39. Qf4 Kf8 40. Nd6 Rd8 41. c5 b6 42. Qh6+ Rg7 43. Rg5 Qe5+ 44. Kg2 Qb2+ 45. Kf3 fxg5 46. f6 bxc5 47. Qxg7# 1-0

[Event "CZE-chT2C 1011"]
[Site "Czech Republic"]
[Date "2010.11.21"]
[Round "3.5"]
[White "Fiala, Robert"]
[Black "Matejovsky, Ondrej"]
[Result "1-0"]
[WhiteElo "2295"]
[BlackElo "2033"]
[PlyCount "65"]
[EventDate "2010.10.17"]
[EventType "team-tourn"]
[EventRounds "11"]
[EventCountry "CZE"]
[SourceTitle "EXT 2012"]
[Source "ChessBase"]
[SourceDate "2011.11.24"]
[SourceVersion "1"]
[SourceVersionDate "2011.11.24"]
[SourceQuality "1"]
[WhiteTeam "Lysa nad Labem II"]
[BlackTeam "Vlasim"]
[WhiteTeamCountry "CZE"]
[BlackTeamCountry "CZE"]

1. Nf3 d5 2. g3 Nf6 3. Bg2 c6 4. 0-0 Bf5 5. d3 Nbd7 6. Nbd2 e6 7. Nh4 Bg6 8. Nxg6 hxg6 9. e4 Bc5 10. Qe2 Qc7 11. a3 0-0-0 12. b4 Bd4 13. Rb1 Rh5 14. Nf3 Bb6 15. c4 dxe4 16. dxe4 c5 17. Ng5 Nh7 18. Nf3 Ne5 19. Bf4 f6 20. g4 Nxf3+ 21. Qxf3 e5 22. gxh5 exf4 23. bxc5 Bxc5 24. e5 Ng5 25. Qxb7+ Qxb7 26. Bxb7+ Kc7 27. Bd5 f3 28. Rb7+ Kc8 29. Rfb1 Bb6 30. Rxg7 fxe5 31. Kf1 Rh8 32. c5 Ba5 33. Rxa7 1-0

[Event "CZE-chT2A 0910"]
[Site "Czech Republic"]
[Date "2010.04.18"]
[Round "11.1"]
[White "Michalek, Jan"]
[Black "Fiala, Robert"]
[Result "1/2-1/2"]
[WhiteElo "2335"]
[BlackElo "2313"]
[PlyCount "20"]
[EventDate "2009.10.18"]
[EventType "team-tourn"]
[EventRounds "11"]
[EventCountry "CZE"]
[SourceTitle "EXT 2012"]
[Source "ChessBase"]
[SourceDate "2011.11.24"]
[SourceVersion "1"]
[SourceVersionDate "2011.11.24"]
[SourceQuality "1"]
[WhiteTeam "Kozolupy"]
[BlackTeam "Plzen Letna"]
[WhiteTeamCountry "CSR"]
[BlackTeamCountry "CZE"]

1. Nf3 d5 2. c4 d4 3. e4 c5 4. d3 Nc6 5. g3 e5 6. Bg2 f6 7. Nh4 Be6 8. f4 Qd7 9. 0-0 Bd6 10. Nd2 Nge7 1/2-1/2

[Event "CZE-chT2A 0910"]
[Site "Czech Republic"]
[Date "2010.01.31"]
[Round "6.1"]
[White "Vybiral, Zdenek"]
[Black "Fiala, Robert"]
[Result "0-1"]
[WhiteElo "2260"]
[BlackElo "2313"]
[PlyCount "138"]
[EventDate "2009.10.18"]
[EventType "team-tourn"]
[EventRounds "11"]
[EventCountry "CZE"]
[SourceTitle "EXT 2012"]
[Source "ChessBase"]
[SourceDate "2011.11.24"]
[SourceVersion "1"]
[SourceVersionDate "2011.11.24"]
[SourceQuality "1"]
[WhiteTeam "Tabor"]
[BlackTeam "Plzen Letna"]
[WhiteTeamCountry "CZE"]
[BlackTeamCountry "CZE"]

1. d4 c5 2. d5 e6 3. c4 exd5 4. cxd5 d6 5. e4 g6 6. Nf3 Bg7 7. Be2 Ne7 8. Nc3 0-0 9. Bf4 a6 10. a4 h6 11. h4 Bg4 12. 0-0 Bxf3 13. Bxf3 g5 14. hxg5 Ng6 15. Bg3 hxg5 16. Bg4 Nf4 17. Bf5 Nd7 18. Ne2 Nxe2+ 19. Qxe2 Nf6 20. Qd2 Nh5 21. Bh2 Bd4 22. Ra3 Ng7 23. Rf3 Nxf5 24. Rxf5 f6 25. g4 b5 26. a5 Ra7 27. Kg2 Rh7 28. b4 Qe7 29. bxc5 dxc5 30. Qd3 Re8 31. Re1 Qf8 32. Bg3 Qh6 33. Kf3 Qh3 34. Qf1 Qh6 35. Qd3 Qh3 36. Qf1 Qxf1 37. Rxf1 c4 38. Rc1 c3 39. Bd6 Rh3+ 40. Kg2 Rd3 41. Rf3 Rd2 42. Bb4 Rxe4 43. Bxc3 Rxg4+ 44. Kh3 Rh4+ 45. Kg3 Bxc3 46. Rcxc3 Rdd4 47. Rxf6 Rdg4+ 48. Kf3 Rf4+ 49. Rxf4 Rxf4+ 50. Kg3 Ra4 51. Rc6 Rxa5 52. Kg4 b4 53. Kxg5 b3 54. Kg6 Kf8 55. Kf6 Ke8 56. Ke6 Kd8 57. Rc1 b2 58. Rb1 Rb5 59. Kd6 a5 60. Kc6 Rb3 61. d6 a4 62. Rh1 Rc3+ 63. Kd5 Rc1 64. Rh8+ Kd7 65. Rh7+ Kc8 66. Rh8+ Kb7 67. Rh7+ Ka6 68. d7 Rd1+ 69. Kc6 b1Q 0-1

[Event "CZE-chT2A 0910"]
[Site "Czech Republic"]
[Date "2009.11.08"]
[Round "2.1"]
[White "Wasserbauer, Radek"]
[Black "Fiala, Robert"]
[Result "0-1"]
[WhiteElo "1978"]
[BlackElo "2313"]
[PlyCount "54"]
[EventDate "2009.10.18"]
[EventType "team-tourn"]
[EventRounds "11"]
[EventCountry "CZE"]
[SourceTitle "EXT 2012"]
[Source "ChessBase"]
[SourceDate "2011.11.24"]
[SourceVersion "1"]
[SourceVersionDate "2011.11.24"]
[SourceQuality "1"]
[WhiteTeam "Zebrak"]
[BlackTeam "Plzen Letna"]
[WhiteTeamCountry "CZE"]
[BlackTeamCountry "CZE"]

1. e4 e5 2. Nf3 d6 3. d4 Nd7 4. Bc4 c6 5. Ng5 Nh6 6. f4 b5 7. Bb3 exd4 8. c3 dxc3 9. Nxc3 Nc5 10. Be3 Be7 11. 0-0 Nxb3 12. Qxb3 Bxg5 13. fxg5 Be6 14. Qd1 Ng4 15. Qf3 0-0 16. Bf4 f6 17. gxf6 Rxf6 18. h4 Qb6+ 19. Kh1 Raf8 20. g3 a6 21. Qe2 b4 22. Nd1 g5 23. Ne3 Nxe3 24. Bxe3 Rxf1+ 25. Rxf1 Rxf1+ 26. Kg2 Qb5 27. Kxf1 Bc4 0-1

[Event "CZE-chT1W 0809"]
[Site "Czech Republic"]
[Date "2008.10.19"]
[Round "1.2"]
[White "Nun, Jiri"]
[Black "Fiala, Robert"]
[Result "1-0"]
[WhiteElo "2380"]
[BlackElo "2335"]
[PlyCount "81"]
[EventDate "2008.10.19"]
[EventType "team-tourn"]
[EventRounds "11"]
[EventCountry "CZE"]
[SourceTitle "EXT 2010"]
[Source "ChessBase"]
[SourceDate "2010.11.25"]
[SourceVersion "1"]
[SourceVersionDate "2010.11.25"]
[SourceQuality "1"]
[WhiteTeam "Hradec Kralove"]
[BlackTeam "Plzen Letna"]
[WhiteTeamCountry "CZE"]
[BlackTeamCountry "CZE"]

1. e4 Nf6 2. e5 Nd5 3. d4 d6 4. Bc4 c6 5. Nf3 g6 6. 0-0 Bg7 7. h3 0-0 8. Re1 h6 9. Bb3 Bf5 10. Nc3 Nxc3 11. bxc3 d5 12. c4 Be6 13. cxd5 cxd5 14. Bd2 a5 15. c3 Nd7 16. a4 Nb6 17. Nh2 Qd7 18. Ng4 Kh7 19. Ne3 f6 20. f4 Nc4 21. Bxc4 dxc4 22. Rb1 fxe5 23. fxe5 h5 24. Rb6 Ra6 25. Rb5 Bh6 26. Nf1 Bxd2 27. Nxd2 Bd5 28. Rf1 Raa8 29. Nf3 Bc6 30. e6 Qd6 31. Re5 Bxf3 32. Rxf3 Rf6 33. Rxf6 exf6 34. Re1 Kg7 35. Qf3 Rb8 36. d5 Re8 37. Qe4 Rc8 38. Qd4 g5 39. Rb1 Rc7 40. Rf1 Qd8 41. d6 1-0

[Event "CZE-chT2a 0607"]
[Site "Czech Republic"]
[Date "2006.10.15"]
[Round "1.1"]
[White "Fiala, Robert"]
[Black "Blecha, Miroslav"]
[Result "1/2-1/2"]
[WhiteElo "2340"]
[BlackElo "2204"]
[PlyCount "92"]
[EventDate "2006.10.15"]
[EventType "team"]
[EventRounds "11"]
[EventCountry "CZE"]
[SourceTitle "EXT 2009"]
[Source "ChessBase"]
[SourceDate "2008.11.26"]
[SourceVersion "1"]
[SourceVersionDate "2008.11.26"]
[SourceQuality "1"]
[WhiteTeam "Plzen Letna"]
[BlackTeam "Plzen Loko"]
[WhiteTeamCountry "CZE"]
[BlackTeamCountry "CZE"]

1. e4 c5 2. Nf3 d6 3. d4 cxd4 4. Nxd4 Nf6 5. Nc3 a6 6. Bc4 b5 7. Bb3 Bb7 8. 0-0 Nc6 9. a4 b4 10. Nd5 e6 11. Nxc6 Bxc6 12. Re1 Be7 13. Nxe7 Qxe7 14. Bg5 0-0 15. Bxf6 gxf6 16. Qd2 a5 17. Rad1 Rfd8 18. Re3 Kh8 19. f3 Qd7 20. Rd3 Bxa4 21. Qh6 Bxb3 22. f4 Rg8 23. Qxf6+ Rg7 24. cxb3 Qa7+ 25. Kf1 Qa6 26. Kf2 Rc8 27. Rxd6 Rc2+ 28. R1d2 Qxd6 29. Rxc2 Qb6+ 30. Kf3 Qa6 31. Qd8+ Rg8 32. Qd4+ Rg7 33. Ke3 h6 34. Kf2 Kh7 35. Rc7 Qb5 36. Rc5 Qb6 37. Rc4 Qb5 38. Qc5 Qb8 39. Kf3 Qd8 40. g3 Qd1+ 41. Kg2 Qxb3 42. Rc2 Qd3 43. Qc4 Qxc4 44. Rxc4 Rg8 45. Kf3 Kg6 46. Rc5 Ra8 1/2-1/2

[Event "Ceska Trebova op 2nd"]
[Site "Ceska Trebova"]
[Date "2006.09.02"]
[Round "9"]
[White "Fiala, Robert"]
[Black "Hassan, Al Hatym"]
[Result "1-0"]
[WhiteElo "2343"]
[BlackElo "2123"]
[PlyCount "65"]
[EventDate "2006.08.26"]
[EventType "swiss"]
[EventRounds "9"]
[EventCountry "CZE"]
[SourceTitle "CBM 114 Extra"]
[Source "ChessBase"]
[SourceDate "2006.11.03"]
[SourceVersion "1"]
[SourceVersionDate "2006.11.03"]
[SourceQuality "1"]

1. c4 e5 2. Nc3 Nc6 3. g3 g6 4. Bg2 Bg7 5. d3 d6 6. Nf3 Nge7 7. 0-0 0-0 8. Rb1 a5 9. a3 h6 10. b4 axb4 11. axb4 f5 12. b5 Nb8 13. Bb2 Nd7 14. Nd2 Kh7 15. Nb3 Nf6 16. f4 Ng4 17. Qd2 exf4 18. gxf4 c6 19. e3 Qb6 20. Rbe1 g5 21. h3 gxf4 22. hxg4 fxg4 23. c5 dxc5 24. exf4 c4+ 25. Kh1 Ng6 26. dxc4 Bf5 27. Be4 Rad8 28. Qc2 Nh4 29. Bxf5+ Nxf5 30. Re7 Kh8 31. Na4 Qa7 32. Bxg7+ Nxg7 33. Qg6 1-0

[Event "Ceska Trebova op 2nd"]
[Site "Ceska Trebova"]
[Date "2006.09.01"]
[Round "8"]
[White "Ganaus, Hannes"]
[Black "Fiala, Robert"]
[Result "1-0"]
[WhiteElo "2318"]
[BlackElo "2343"]
[PlyCount "66"]
[EventDate "2006.08.26"]
[EventType "swiss"]
[EventRounds "9"]
[EventCountry "CZE"]
[SourceTitle "CBM 114 Extra"]
[Source "ChessBase"]
[SourceDate "2006.11.03"]
[SourceVersion "1"]
[SourceVersionDate "2006.11.03"]
[SourceQuality "1"]

1. Nf3 b5 2. e3 a6 3. b3 Bb7 4. Bb2 c5 5. c4 bxc4 6. bxc4 Nf6 7. Be2 e6 8. d3 Be7 9. Nbd2 0-0 10. Rb1 Qc7 11. 0-0 d6 12. Bc3 Nc6 13. Qa4 Ra7 14. Nb3 Ba8 15. Rfd1 Nd7 16. Na5 Bd8 17. Nxc6 Bxc6 18. Qa3 Qc8 19. Nd2 Qa8 20. Bf3 Bf6 21. Bxf6 Nxf6 22. Rb6 Rc8 23. Rdb1 Nd7 24. R6b3 d5 25. cxd5 exd5 26. Rc3 Rac7 27. Rbc1 d4 28. exd4 cxd4 29. R3c2 Ne5 30. Qd6 f6 31. Bd5+ Kh8 32. Be6 Re8 33. Qxc7 Rxe6 1-0

[Event "Ceska Trebova op 2nd"]
[Site "Ceska Trebova"]
[Date "2006.08.28"]
[Round "4"]
[White "Plachetka, Jan"]
[Black "Fiala, Robert"]
[Result "0-1"]
[WhiteElo "2427"]
[BlackElo "2343"]
[PlyCount "84"]
[EventDate "2006.08.26"]
[EventType "swiss"]
[EventRounds "9"]
[EventCountry "CZE"]
[SourceTitle "CBM 114 Extra"]
[Source "ChessBase"]
[SourceDate "2006.11.03"]
[SourceVersion "1"]
[SourceVersionDate "2006.11.03"]
[SourceQuality "1"]

1. c4 e5 2. Nf3 Nc6 3. Nc3 Nf6 4. g3 d5 5. cxd5 Nxd5 6. Bg2 Nb6 7. 0-0 Be7 8. a3 a5 9. d3 0-0 10. Be3 Be6 11. Rc1 Nd5 12. Nxd5 Bxd5 13. Qa4 Qc8 14. Bc5 Bd6 15. Qh4 h6 16. Bxd6 cxd6 17. e4 Bb3 18. d4 Qd8 19. Qxd8 Rfxd8 20. dxe5 dxe5 21. Rc5 f6 22. Rfc1 Be6 23. Bf1 Kf7 24. Bb5 Ne7 25. Rc7 Rac8 26. Kg2 g5 27. R1c3 Rb8 28. Ne1 Rd4 29. Kf3 b6 30. Ke3 Kf8 31. Nd3 Nc8 32. f3 Nd6 33. a4 Nxb5 34. axb5 Bd7 35. Nf2 h5 36. f4 gxf4+ 37. gxf4 Rd6 38. fxe5 fxe5 39. Nd3 Re8 40. Rc2 Re7 41. Rf2+ Ke8 42. Ra7 Rxd3+ 0-1

[Event "Ceska Trebova op 2nd"]
[Site "Ceska Trebova"]
[Date "2006.08.27"]
[Round "2"]
[White "Sergeev, Vladimir"]
[Black "Fiala, Robert"]
[Result "1-0"]
[WhiteElo "2489"]
[BlackElo "2343"]
[PlyCount "81"]
[EventDate "2006.08.26"]
[EventType "swiss"]
[EventRounds "9"]
[EventCountry "CZE"]
[SourceTitle "CBM 114 Extra"]
[Source "ChessBase"]
[SourceDate "2006.11.03"]
[SourceVersion "1"]
[SourceVersionDate "2006.11.03"]
[SourceQuality "1"]

1. Nf3 d5 2. g3 Nf6 3. Bg2 Bf5 4. c4 c6 5. b3 h6 6. 0-0 e6 7. Bb2 Nbd7 8. d3 Be7 9. Nbd2 0-0 10. a3 a5 11. Ra2 Bh7 12. Qa1 b5 13. cxb5 cxb5 14. Rc1 Rc8 15. Ne5 Nxe5 16. Bxe5 Rxc1+ 17. Qxc1 Nd7 18. Bd4 Qb8 19. Rc2 Bd6 20. Rc6 Be5 21. Nf3 Bxd4 22. Nxd4 e5 23. Bh3 Nf6 24. Nf5 Bxf5 25. Bxf5 Qb7 26. Rxf6 gxf6 27. Qxh6 Re8 28. h4 Qc7 29. h5 e4 30. Bh7+ Kh8 31. Bxe4+ Kg8 32. Bh7+ Kh8 33. Bf5+ Kg8 34. a4 b4 35. Bh7+ Kh8 36. d4 Qb7 37. Kg2 Qc7 38. e3 Qb7 39. Bg6+ Kg8 40. Qh7+ Kf8 41. h6 1-0

[Event "CZE-chT2a 0405"]
[Site "Czech Republic"]
[Date "2004.12.05"]
[Round "4.1"]
[White "Fiala, Robert"]
[Black "Soukup, Jiri"]
[Result "1-0"]
[WhiteElo "2331"]
[BlackElo "2171"]
[PlyCount "35"]
[EventDate "2004.10.17"]
[EventType "team"]
[EventRounds "11"]
[EventCountry "CZE"]
[SourceTitle "EXT 2007"]
[Source "ChessBase"]
[SourceDate "2006.11.23"]
[SourceVersion "1"]
[SourceVersionDate "2006.11.23"]
[SourceQuality "1"]
[WhiteTeam "Plzen Letna"]
[BlackTeam "Habartov"]
[WhiteTeamCountry "CZE"]
[BlackTeamCountry "CZE"]

1. d4 d5 2. Nf3 Nf6 3. c4 dxc4 4. Nc3 c5 5. d5 e6 6. e4 exd5 7. e5 Ne4 8. Qxd5 Nxc3 9. Qxd8+ Kxd8 10. bxc3 Be6 11. Ng5 Bd5 12. Bf4 Kd7 13. Rd1 Kc6 14. Be2 h6 15. Nxf7 g5 16. Nxh8 gxf4 17. Ng6 f3 18. Rxd5 1-0

[Event "Plzen op-A 10th"]
[Site "Plzen"]
[Date "2004.??.??"]
[Round "4"]
[White "Fiala, Robert"]
[Black "Wiesinger, Robert"]
[Result "1-0"]
[WhiteElo "2320"]
[BlackElo "2265"]
[PlyCount "61"]
[EventDate "2004.08.??"]
[EventType "swiss"]
[EventRounds "9"]
[EventCountry "CZE"]
[SourceTitle "EXT 2007"]
[Source "ChessBase"]
[SourceDate "2006.11.23"]
[SourceVersion "1"]
[SourceVersionDate "2006.11.23"]
[SourceQuality "1"]

1. e4 e5 2. Bc4 Nf6 3. Qe2 Nc6 4. Nf3 Bc5 5. c3 d6 6. Bb3 0-0 7. d3 a6 8. Bg5 Re8 9. Nbd2 Be6 10. Nc4 Bxc4 11. dxc4 Nb8 12. Ba4 c6 13. b4 Bb6 14. Rd1 h6 15. Bc1 a5 16. Bb3 axb4 17. cxb4 c5 18. b5 Ba5+ 19. Kf1 Re6 20. Rd3 Ne8 21. g3 Nd7 22. Nh4 Nf8 23. Nf5 Rg6 24. f4 Qc7 25. Ne3 exf4 26. gxf4 Nf6 27. f5 Rg5 28. Nd5 Nxd5 29. Rxd5 Qe7 30. Bf4 Rg4 31. Qxg4 1-0

[Event "Plzen op-A 10th"]
[Site "Plzen"]
[Date "2004.??.??"]
[Round "3"]
[White "Folk, Petr"]
[Black "Fiala, Robert"]
[Result "1/2-1/2"]
[WhiteElo "2245"]
[BlackElo "2320"]
[PlyCount "35"]
[EventDate "2004.08.??"]
[EventType "swiss"]
[EventRounds "9"]
[EventCountry "CZE"]
[SourceTitle "EXT 2007"]
[Source "ChessBase"]
[SourceDate "2006.11.23"]
[SourceVersion "1"]
[SourceVersionDate "2006.11.23"]
[SourceQuality "1"]

1. e4 e5 2. Nf3 Nf6 3. d4 Nxe4 4. Bd3 d5 5. Nxe5 Be7 6. 0-0 0-0 7. c4 c6 8. Nc3 Nf6 9. Bg5 Nbd7 10. Re1 dxc4 11. Bxc4 Nb6 12. Bb3 Nfd5 13. Nxd5 Nxd5 14. Bxe7 Nxe7 15. Qf3 Nd5 16. Bxd5 cxd5 17. Rac1 Be6 18. Qb3 1/2-1/2

[Event "Plzen op-A 10th"]
[Site "Plzen"]
[Date "2004.??.??"]
[Round "8"]
[White "Heinzel, Olaf"]
[Black "Fiala, Robert"]
[Result "1-0"]
[WhiteElo "2400"]
[BlackElo "2320"]
[PlyCount "94"]
[EventDate "2004.08.??"]
[EventType "swiss"]
[EventRounds "9"]
[EventCountry "CZE"]
[SourceTitle "EXT 2007"]
[Source "ChessBase"]
[SourceDate "2006.11.23"]
[SourceVersion "1"]
[SourceVersionDate "2006.11.23"]
[SourceQuality "1"]

1. Nf3 d5 2. d4 Nf6 3. Bf4 Bf5 4. e3 e6 5. Bd3 Bg6 6. Ne5 Nh5 7. Bxg6 hxg6 8. Qd3 c6 9. h3 Nxf4 10. exf4 Nd7 11. Nd2 Nxe5 12. fxe5 Qb6 13. 0-0 Be7 14. f4 c5 15. dxc5 Qxc5+ 16. Kh1 0-0 17. c3 Rfd8 18. g4 Qb6 19. Nb3 Qc7 20. Rae1 Qc4 21. Qf3 Rf8 22. f5 a5 23. f6 Bd8 24. Nd4 Bb6 25. Rd1 Qc7 26. Qe3 gxf6 27. exf6 Kh7 28. Qe1 Rh8 29. Nf3 Kg8 30. Kg2 Qd6 31. Qe5 Qxe5 32. Nxe5 Bc7 33. Nf3 Bf4 34. Rd4 Be3 35. Rd3 Bf4 36. h4 Rc8 37. g5 Rc4 38. b3 Re4 39. c4 dxc4 40. bxc4 Rxc4 41. Rd7 e5 42. Rxb7 e4 43. Rd1 Rc2+ 44. Kh3 Rc7 45. Rxc7 Bxc7 46. Nd4 Kh7 47. Nb5 Bd8 1-0

[Event "Plzen op-A 10th"]
[Site "Plzen"]
[Date "2004.??.??"]
[Round "1"]
[White "Sedlacek, Jiri"]
[Black "Fiala, Robert"]
[Result "0-1"]
[WhiteElo "2065"]
[BlackElo "2320"]
[PlyCount "58"]
[EventDate "2004.08.??"]
[EventType "swiss"]
[EventRounds "9"]
[EventCountry "CZE"]
[SourceTitle "EXT 2007"]
[Source "ChessBase"]
[SourceDate "2006.11.23"]
[SourceVersion "1"]
[SourceVersionDate "2006.11.23"]
[SourceQuality "1"]

1. c4 c6 2. Nc3 d5 3. cxd5 cxd5 4. d4 Nc6 5. Bf4 Nf6 6. e3 Qb6 7. Qb3 Qxb3 8. axb3 Bf5 9. Nb5 Rc8 10. f3 a6 11. Nc3 Bc2 12. Na4 Nd7 13. Rc1 Bxb3 14. Nc3 f6 15. Bd3 e5 16. dxe5 fxe5 17. Bg5 Bc5 18. Bf5 h6 19. Bxd7+ Kxd7 20. Nxd5 Bxd5 21. Rxc5 Kd6 22. Rxd5+ Kxd5 23. Bh4 Nb4 24. e4+ Kc4 25. Kd2 g5 26. Bg3 Rhd8+ 27. Ke3 Rd3+ 28. Kf2 Rd2+ 29. Ne2 Kd3 0-1